000 00567nam a2200193 4500
001 139209
003 ES-MaACL
005 20250712031727.0
007 t|
008 070214s1973 sp r ||||1| spa d
100 1 _aScerbanenco , Giorgio.
_9187117
245 1 0 _aPerseguidas /
_cGiorgio Scerbanenco ; [traducción: Fernando Gutiérrez].
250 _a1ª ed.
260 _aBarcelona :
_bNoguer,
_c1973.
300 _a205 p. ;
_c19 cm.
700 1 _aGutiérrez, Fernando,
_d1911-1984
_9156260
852 _aES-MaACL
_jC-54128
_bR.87017
999 _c139209
_d139209